000 00474nam a22001817a 4500
005 20251108174842.0
008 250721s2009 xx 000 0 eng d
082 1 4 _aWB/339.4/HAU
100 1 _ahaughton, jonathan
245 1 0 _aHandbook on Poverty and Inequality /
264 1 _awashington :
_bthe world bank,
_c2009.
300 _a419 P.
650 1 7 _aPOVERTY
650 1 7 _aPOVERTY MITIGATION
700 1 _akhandker, shahidur
942 _2ddc
_cBK
999 _c119747
_d119747